00441nam a2200169Ia 450000500170000000800410001702000180005804000190007604100120009508200130010710000250012024500530014526000280019830000160022665000190024285000100026120240723100503.0131103s9999 xx 000 0 und d a0 33390 009 X aLoreto College aEnglish a821bTAG aTagore, Rabindranath aGitanjalib song offerings cRabindranath Tagore aMadrasbMacmillanc1976 a73p.b ill. aBengali poetry aLCBED